Ha Noi Who are you? : Festivals - The rural belt = Hà Nội, Bạn là ai? : Lễ hội - Làng ven đô

Giới thiệu các lễ hội dân gian vùng ven Hà Nội và nông thôn ngoại thành

Gespeichert in:
Bibliographische Detailangaben
1. Verfasser: Hữu Ngọc
Format: Buch
Sprache:Undetermined
Veröffentlicht: Hà Nội Nxb Hà Nội 2010
Schlagworte:
Tags: Tag hinzufügen
Keine Tags, Fügen Sie den ersten Tag hinzu!
Thư viện lưu trữ: Trung tâm Học liệu Trường Đại học Cần Thơ
LEADER 00889nam a2200229Ia 4500
001 CTU_164595
008 210402s9999 xx 000 0 und d
082 |a 394.2695731 
082 |b H566 
100 |a Hữu Ngọc 
245 0 |a Ha Noi Who are you? : Festivals - The rural belt = 
245 0 |b Hà Nội, Bạn là ai? : Lễ hội - Làng ven đô 
245 0 |c Hữu Ngọc (chủ biên) ; Lady Borton hợp tác 
260 |a Hà Nội 
260 |b Nxb Hà Nội 
260 |c 2010 
520 |a Giới thiệu các lễ hội dân gian vùng ven Hà Nội và nông thôn ngoại thành 
650 |a Festivals,Lễ hội,Hà Nội (Việt Nam) 
650 |x Phong tục và đời sống xã hội 
650 |z Vietnam,Việt Nam 
904 |i Năm 
980 |a Trung tâm Học liệu Trường Đại học Cần Thơ